Państwa, które najczęściej odwiedzają Francję - Statystyki

Ogólne statystyki
  • Ten quiz został rozwiązany 3 341 razy
  • Średni wynik to 11 z 14
Statystyki odpowiedzi
# wizyt Państwo % Poprawnych
6,1 mln Hiszpania
98%
12,7 mln Niemcy
98%
3,2 mln Stany Zjednoczone
95%
11,8 mln Wielka Brytania
93%
7,5 mln Włochy
92%
9,3 mln Belgia
86%
5,5 mln Holandia
86%
1,7 mln Chiny
81%
1 mln Kanada
81%
1,4 mln Portugalia
81%
6,2 mln Szwajcaria
81%
1,2 mln Brazylia
58%
1,3 mln Australia
52%
1,4 mln Luksemburg
46%
Nie znaleziono quizów pasujących do podanych kryteriów
Rozkład punktacji
Procent ludzi z każdym wynikiem
Percentyl według liczby udzielonych odpowiedzi
Twoja historia wyników
Nie rozwiązałeś tego quizu